000 00608nam a22001337a 4500
020 _a978-93-5049-642-8
082 _a823
_bVIS/I
100 _aVISHNU, MADHU KAUTABHARI
245 _aINDIAN MYTHOLOGY
260 _aMUMBAI
_bSHREE BOOK CENTRE
300 _a32
520 _aThe myths deal with the creation of the gods and the world, the struggle among the gods for supremacy and the triumph of Zeus, the love affairs and quarrels of the gods, and the effects of their adventures and powers on the mortal world, including their link with natural phenomena such as thunderstorms or the seasons ...
942 _cBK
999 _c6283
_d6283